80+ Players in Fifa 22 - Statistics

General Stats
  • This quiz has been taken 1,677 times
  • The average score is 158 of 490
Answer Stats
Rating Club Nation Player % Correct
93 PSG Argentina Lionel Messi
100%
91 Manchester United Portugal Cristiano Ronaldo
98%
81 Everton England Dominic Calvert-Lewin
96%
91 Manchester City Belgium Kevin De Bruyne
96%
91 PSG France Kylian Mbappe
96%
91 PSG Brazil Neymar
96%
90 Tottenham Hotspur England Harry Kane
95%
89 Liverpool Egypt Mohamed Salah
94%
92 Bayern Munich Poland Robert Lewandowski
94%
89 Tottenham Hotspur South Korea Heung-Min Son
92%
90 Chelsea France N'Golo Kante
92%
91 Atletico Madrid Slovenia Jan Oblak
91%
89 Liverpool Senegal Sadio Mane
91%
89 Liverpool Netherlands Virgil Van Dijk
91%
89 Real Madrid France Karim Benzema
90%
90 Bayern Munich Germany Manuel Neuer
89%
90 FC Barcelona Germany Marc-Andre Ter Stegen
89%
80 Tottenham Hotspur England Dele Alli
85%
88 Borussia Dortmund Norway Erling Haaland
85%
89 Bayern Munich Germany Joshua Kimmich
85%
89 Liverpool Brazil Alisson
84%
88 Manchester United Portugal Bruno Fernandes
84%
89 PSG Italy Gianluigi Donnarumma
84%
89 Real Madrid Belgium Thibaut Courtois
84%
89 Manchester City Brazil Ederson
82%
88 Real Madrid Germany Toni Kroos
82%
89 Real Madrid Brazil Casemiro
81%
88 Atletico Madrid Uruguay Luis Suarez
81%
87 Bayern Munich Germany Thomas Muller
81%
87 Real Madrid Croatia Luka Modric
80%
88 PSG Spain Sergio Ramos
80%
86 Manchester City Portugal Bernardo Silva
78%
85 Real Sociedad Spain David Silva
78%
84 Sevilla FC Spain Jesus Navas
78%
88 PSG Costa Rica Keylor Navas
78%
85 Chelsea Brazil Thiago Silva
78%
84 RB Leipzig Portugal Andre Silva
77%
87 FC Barcelona Netherlands Frenkie De Jong
76%
87 PSG Italy Marco Verratti
76%
81 Real Betis Portugal Rui Silva
76%
88 Chelsea Belgium Romelu Lukaku
75%
85 Real Madrid Belgium Eden Hazard
74%
82 Borussia Dortmund Belgium Thorgan Hazard
74%
87 Liverpool Scotland Andrew Robertson
73%
87 Manchester City Portugal Ruben Dias
73%
87 Liverpool England Trent Alexander-Arnold
73%
87 PSG Argentina Angel Di Maria
72%
87 Piemonte Calcio Argentina Paulo Dybala
72%
87 Tottenham Hotspur France Hugo Lloris
71%
86 Leicester City England Jamie Vardy
71%
86 Manchester City Spain Rodri
71%
86 Liverpool Brazil Fabinho
70%
87 PSG Brazil Marquinhos
70%
87 Manchester United France Paul Pogba
70%
88 Manchester City England Raheem Sterling
70%
87 Latium Italy Ciro Immobile
69%
85 Liverpool Brazil Roberto Firmino
69%
86 Liverpool Spain Thiago Alcantara
69%
85 Inter Milan Argentina Lautaro Martinez
68%
85 Manchester United England Marcus Rashford
68%
86 Manchester United France Raphael Varane
68%
86 Manchester City Algeria Riyad Mahrez
68%
85 PSG Morocco Achraf Hakimi
67%
82 CSKA Moscow Russia Mario Fernandes
67%
84 Aston Villa Argentina Emiliano Martinez
66%
82 Borussia Dortmund Germany Emre Can
66%
81 Athletic Bilbao Spain Inigo Martinez
66%
80 Atlanta United Venezuela Josef Martinez
66%
85 Atletico Madrid France Antoine Griezmann
65%
85 Manchester United Uruguay Edinson Cavani
65%
85 Manchester City England Kyle Walker
65%
87 Bayern Munich Germany Leon Goretzka
65%
84 Bayern Munich Germany Leroy Sane
65%
84 Manchester City England Phil Foden
65%
85 Arsenal Gabon Pierre-Emerick Aubameyang
65%
86 Napoli Senegal Kalidou Koulibaly
64%
85 Borussia Dortmund Germany Marco Reus
64%
84 Manchester United England Harry Maguire
63%
86 Manchester City Portugal Joao Cancelo
63%
87 FC Barcelona Argentina Sergio Aguero
63%
84 Real Madrid Austria David Alaba
62%
86 Piemonte Calcio Italy Giorgio Chiellini
62%
86 Bayern Munich France Kingsley Coman
62%
85 Piemonte Calcio Italy Leonardo Bonucci
61%
85 Bayern Munich Germany Serge Gnabry
61%
86 FC Barcelona Spain Sergio Busquets
61%
80 Real Madrid Brazil Vinicius Junior
61%
86 FC Barcelona Spain Jordi Alba
60%
86 Napoli Italy Lorenzo Insigne
60%
86 Borussia Dortmund Germany Mats Hummels
60%
85 Piemonte Calcio Netherlands Matthijs De Ligt
60%
85 Latium Serbia Sergej Milinkovic-Savic
60%
85 Manchester City Germany Ilkay Gundogan
59%
87 Manchester United England Jadon Sancho
59%
83 Manchester City England John Stones
59%
84 AC Milan Sweden Zlatan Ibrahimovic
59%
85 Real Madrid Spain Daniel Carvajal
58%
84 Manchester United Spain David De Gea
58%
84 Liverpool England Jordan Henderson
58%
86 Manchester City Spain Aymeric Laporte
57%
80 Manchester United England Dean Henderson
57%
84 Manchester City England Jack Grealish
57%
84 Chelsea Germany Kai Havertz
57%
85 Atletico Madrid Spain Koke
57%
86 Inter Milan Slovenia Samir Handanovic
57%
85 Borussia Monchengladbach Switzerland Yann Sommer
57%
86 Villarreal CF Spain Gerard Moreno
56%
85 Chelsea Italy Jorginho
56%
84 Manchester United England Luke Shaw
56%
85 FC Barcelona Netherlands Memphis Depay
56%
86 Inter Milan Slovakia Milan Skriniar
56%
84 Atletico Madrid Uruguay Jose Maria Gimenez
55%
86 Villarreal CF Spain Daniel Parejo
54%
84 FC Barcelona Spain Gerard Pique
54%
83 Bayern Munich France Lucas Hernandez
54%
84 AC Milan France Theo Hernandez
54%
83 Chelsea Germany Antonio Rudiger
53%
84 Chelsea Morocco Hakim Ziyech
53%
83 Liverpool Cameroon Joel Matip
53%
87 Piemonte Calcio Poland Wojciech Szczesny
53%
84 Ajax Serbia Dusan Tadic
52%
83 Chelsea Senegal Edouard Mendy
52%
83 Real Madrid France Ferland Mendy
52%
85 Leicester City Denmark Kasper Schmeichel
52%
85 Leicester City Nigeria Wilfred Ndidi
52%
82 Liverpool England Joe Gomez
51%
80 Valencia CF Uruguay Maxi Gomez
51%
84 Chelsea Germany Timo Werner
51%
84 Napoli Belgium Dries Mertens
50%
84 Real Betis France Nabil Fekir
49%
83 FC Barcelona France Ousmane Dembele
48%
85 Inter Milan Netherlands Stefan De Vrij
48%
83 Manchester City Brazil Gabriel Jesus
47%
82 Bayern Munich Canada Alphonso Davies
46%
84 Atletico Madrid England Kieran Trippier
46%
83 Wolves Mexico Raul Jimenez
46%
84 PSG Netherlands Georginio Wijnaldum
45%
84 RC Celta Spain Iago Aspas
45%
85 Real Sociedad Spain Mikel Oyarzabal
45%
85 RB Leipzig Hungary Peter Gulacsi
45%
84 Leicester City Belgium Youri Tielemans
45%
82 Manchester City Spain Ferran Torres
44%
81 Everton Colombia James Rodriguez
44%
86 VFL Wolfsburg Belgium Koen Casteels
44%
84 Inter Milan Croatia Marcelo Brozovic
44%
84 Inter Milan Italy Nicolo Barella
44%
82 Villarreal CF Spain Pau Torres
44%
81 FC Barcelona Spain Pedri
44%
84 Leicester City Portugal Ricardo Pereira
44%
81 PSG Portugal Danilo Pereira
43%
83 Real Madrid Uruguay Federico Valverde
43%
82 Real Madrid Wales Gareth Bale
43%
84 Bayern Munich Austria Marcel Sabitzer
43%
82 Bayern Munich Germany Niklas Sule
43%
84 AS Monaco France Wissam Ben Yedder
43%
84 AC Milan Ivory Coast Franck Kessie
42%
83 Piemonte Calcio Colombia Juan Cuadrado
42%
86 Atletico Madrid Spain Marcos Llorente
42%
83 Chelsea England Mason Mount
42%
83 Chelsea Croatia Mateo Kovacic
42%
82 Inter Milan Denmark Christian Eriksen
41%
82 Real Madrid Brazil Eder Militao
41%
83 Atletico Madrid Portugal Joao Felix
41%
84 AC Milan France Mike Maignan
41%
84 Atletico Madrid Belgium Yannick Carrasco
41%
83 Inter Milan Bosnia-Herzegovina Edin Dzeko
40%
83 Manchester City Brazil Fernandinho
40%
83 Real Madrid Spain Marco Asensio
40%
83 Piemonte Calcio Brazil Alex Sandro
39%
83 Chelsea Spain Cesar Azpilicueta
39%
84 Latium Spain Luis Alberto
39%
83 PSG France Presnel Kimpembe
39%
84 Borussia Dortmund Portugal Raphael Guerreiro
39%
82 Everton Brazil Richarlison
39%
82 Atletico Madrid Argentina Rodrigo De Paul
39%
83 Manchester United England Aaron Wan-Bissaka
38%
83 Piemonte Calcio Spain Alvaro Morata
38%
82 Liverpool Portugal Diogo Jota
38%
83 Piemonte Calcio Italy Federico Chiesa
38%
83 Arsenal Ghana Thomas Partey
38%
81 Manchester United France Anthony Martial
37%
82 Chelsea United States Christian Pulisic
37%
82 Bayern Munich France Dayot Upamecano
37%
82 Arsenal Norway Martin Odegaard
37%
81 VFL Wolfsburg Germany Maximilian Arnold
37%
81 Arsenal Ivory Coast Nicolas Pepe
37%
82 FC Porto Portugal Pepe
37%
84 Everton France Lucas Digne
36%
80 Real Madrid Brazil Marcelo
36%
83 PSG Argentina Mauro Icardi
36%
83 Tottenham Hotspur Denmark Pierre-Emile Hojbjerg
36%
82 Arsenal France Alexandre Lacazette
35%
83 Bergamo Calcio Colombia Duvan Zapata
35%
84 Eintracht Frankfurt Serbia Filip Kostic
34%
84 Bergamo Calcio Slovenia Josip Ilicic
34%
82 Tottenham Hotspur Argentina Cristian Romero
33%
81 Manchester United Brazil Fred
33%
82 Real Madrid Spain Isco
33%
83 Sevilla FC France Jules Kounde
33%
83 Atletico Madrid Argentina Angel Correa
32%
83 Borussia Dortmund Belgium Axel Witsel
32%
82 FC Barcelona France Clement Lenglet
32%
84 Sevilla FC Brazil Fernando
32%
81 Inter Milan Argentina Joaquin Correa
32%
83 Napoli Greece Kostas Manolas
32%
82 Leeds United Brazil Raphinha
32%
82 Napoli Spain Fabian
31%
84 Sevilla FC Argentina Marcos Acuna
31%
82 West Ham United Czech Republic Tomas Soucek
31%
80 Inter Milan Chile Alexis Sanchez
30%
83 Arsenal Germany Bernd Leno
30%
82 RB Leipzig Spain Dani Olmo
30%
82 West Ham United England Declan Rice
30%
84 Atletico Madrid Brazil Felipe
30%
83 Roma FC Armenia Henrikh Mkhitaryan
30%
83 Everton England Jordan Pickford
30%
80 FC Barcelona France Samuel Umtiti
30%
83 AC Milan Denmark Simon Kjaer
30%
83 Atletico Madrid France Thomas Lemar
30%
82 Crystal Palace Ivory Coast Wilfried Zaha
30%
80 Arsenal England Bukayo Saka
29%
82 Inter Milan Netherlands Denzel Dumfries
29%
80 Cagliari Uruguay Diego Godin
29%
82 Leicester City England James Maddison
29%
84 Borussia Monchengladbach Germany Matthias Ginter
29%
82 Besiktas Bosnia-Herzegovina Miralem Pjanic
29%
83 Burnley England Nick Pope
29%
82 Wolves Portugal Ruben Neves
29%
83 TSG Hoffenheim Croatia Andrej Kramaric
28%
83 LAFC Mexico Carlos Vela
28%
82 Inter Milan Turkey Hakan Calhanoglu
28%
82 Sevilla FC Croatia Ivan Rakitic
28%
83 Sevilla FC Argentina Lucas Ocampos
28%
81 RB Leipzig France Christopher Nkunku
27%
81 Inter Miami CF Argentina Gonzalo Higuain
27%
82 PSG Senegal Idrissa Gueye
27%
81 Athletic Bilbao Spain Inaki Williams
27%
82 FC Barcelona Brazil Philippe Coutinho
27%
82 Chelsea England Ben Chilwell
26%
81 Inter Milan Croatia Ivan Perisic
26%
81 Real Madrid Spain Nacho Fernandez
26%
83 Bergamo Calcio Germany Robin Gosens
26%
82 Real Sociedad Sweden Alexander Isak
25%
82 Manchester United Brazil Alex Telles
25%
83 Everton Brazil Allan
25%
83 Piemonte Calcio Brazil Arthur
25%
81 Manchester United Netherlands Donny Van De Beek
25%
83 AS Monaco Germany Kevin Volland
25%
81 PSG Argentina Leandro Paredes
25%
81 Piemonte Calcio Brazil Danilo
24%
80 Parma Italy Gianluigi Buffon
24%
82 Aston Villa Jamaica Leon Bailey
24%
82 Bergamo Calcio Colombia Luis Muriel
24%
83 Bayer Leverkusen Finland Lukas Hradecky
24%
80 Manchester United Scotland Scott McTominay
24%
81 FC Barcelona Spain Sergi Roberto
24%
83 Latium Italy Francesco Acerbi
23%
81 Atletico Madrid Mexico Hector Herrera
23%
80 Borussia Dortmund Switzerland Manuel Akanji
23%
83 VFL Wolfsburg Netherlands Wout Weghorst
23%
82 Sevilla FC Morocco Yassine Bounou
23%
80 Chelsea Denmark Andreas Christensen
22%
82 PSV Eindhoven Germany Mario Gotze
22%
82 Shanghai SIPG Brazil Oscar
22%
82 Roma FC Portugal Rui Patricio
22%
80 Ajax Ivory Coast Sebastien Haller
22%
80 Manchester United Sweden Victor Lindelof
22%
80 Napoli Nigeria Victor Osimhen
22%
80 Inter Milan Italy Alessandro Bastoni
21%
83 RB Leipzig Spain Angelino
21%
82 AC Milan Croatia Ante Rebic
21%
80 Borussia Dortmund Netherlands Donyell Malen
21%
81 Tottenham Hotspur Brazil Lucas Moura
21%
81 Real Madrid Spain Lucas Vazquez
21%
80 Manchester City Ukraine Oleksandr Zinchenko
21%
82 Al-Nassr Brazil Anderson Talisca
20%
81 Inter Milan Chile Arturo Vidal
20%
81 Piemonte Calcio Sweden Dejan Kulusevski
20%
82 West Ham United Poland Lukasz Fabianski
20%
82 Bergamo Calcio Netherlands Marten De Roon
20%
82 Ajax Argentina Nicolas Tagliafico
20%
83 Sporting CP Uruguay Sebastian Coates
20%
82 Tottenham Hotspur France Tanguy Ndombele
20%
82 Athletic Bilbao Spain Unai Simon
20%
80 Vissel Kobe Spain Andres Iniesta
19%
80 Bayern Munich France Corentin Tolisso
19%
82 Sevilla FC Brazil Diego Carlos
19%
82 PSG Spain Juan Bernat
19%
82 Eintracht Frankfurt Germany Kevin Trapp
19%
83 Roma FC Italy Leonardo Spinazzola
19%
83 Real Sociedad Spain Mikel Merino
19%
80 Liverpool Guinea Naby Keita
19%
82 FC Barcelona Brazil Norberto Neto
19%
81 Atletico Madrid Brazil Renan Lodi
19%
80 Borussia Dortmund Switzerland Roman Burki
19%
81 Piemonte Calcio France Adrien Rabiot
18%
82 Sassuolo Italy Domenico Berardi
18%
81 Tottenham Hotspur Argentina Giovani Lo Celso
18%
82 FC Porto Mexico Jesus Corona
18%
80 Wolves Portugal Joao Moutinho
18%
80 Fenerbahce Germany Mesut Ozil
18%
83 Al-Ahli Brazil Paulinho
18%
81 Napoli Poland Piotr Zielinski
18%
80 Athletic Bilbao Spain Unai Nunez
18%
82 West Ham United France Alphonse Areola
17%
81 Napoli Mexico Hirving Lozano
17%
83 Athletic Bilbao Spain Iker Muniain
17%
83 Valencia CF Spain Jose Gaya
17%
81 Roma FC Italy Lorenzo Pellegrini
17%
83 Real Betis Spain Sergio Canales
17%
82 SL Benfica Spain Alejandro Grimaldo
16%
81 Olympique Marseille Poland Arkadiusz Milik
16%
80 Cagliari Brazil Joao Pedro
16%
81 Leeds United England Kalvin Phillips
16%
81 Olympique Lyon Brazil Lucas Paqueta
16%
82 Chelsea Spain Saul Niguez
16%
81 Valencia CF Spain Carlos Soler
15%
82 Ajax Netherlands Daley Blind
15%
81 SL Benfica Belgium Jan Vertonghen
15%
80 PSG Germany Julian Draxler
15%
81 RB Leipzig Austria Konrad Laimer
15%
81 Bayer Leverkusen France Moussa Diaby
15%
81 RB Leipzig Hungary Willi Orban
15%
82 AC Milan Italy Alessio Romagnoli
14%
82 Olympique Lyon Portugal Anthony Lopes
14%
81 RB Leipzig Sweden Emil Forsberg
14%
82 Al-Shabab Argentina Ever Banega
14%
80 Napoli Italy Giovanni Di Lorenzo
14%
81 Valencia CF Portugal Goncalo Guedes
14%
82 Piemonte Calcio Italy Manuel Locatelli
14%
82 SL Benfica Portugal Rafa
14%
80 LOSC Lille Portugal Renato Sanches
14%
82 Sevilla FC Morocco Youssef En-Nesyri
14%
80 Piemonte Calcio Wales Aaron Ramsey
13%
81 Torino Italy Andrea Belotti
13%
81 LOSC Lille Turkey Burak Yilmaz
13%
81 SL Benfica Argentina Nicolas Otamendi
13%
83 Villarreal CF Spain Sergio Asenjo
13%
81 Tottenham Hotspur Spain Sergio Reguilon
13%
81 Tigres UANL France Andre-Pierre Gignac
12%
80 Leicester City Turkey Caglar Soyuncu
12%
80 Borussia Monchengladbach Switzerland Denis Zakaria
12%
81 Leicester City England Harvey Barnes
12%
80 Arsenal Scotland Kieran Tierney
12%
81 West Ham United France Kurt Zouma
12%
81 Brighton & Hove Albion Spain Marc Cucurella
12%
82 Atletico Madrid Spain Mario Hermoso
12%
80 Sporting CP Spain Pablo Sarabia
12%
82 Villarreal CF Spain Raul Albiol
12%
80 Athletic Bilbao Spain Raul Garcia
12%
81 Bayer Leverkusen Burkina Faso Edmond Tapsoba
11%
81 Orlando City Portugal Nani
11%
80 Wolves Portugal Nelson Semedo
11%
80 Olympique Marseille Spain Pau Lopez
11%
81 Getafe CF Togo Dakonam Djene
10%
80 Villarreal CF Argentina Geronimo Rulli
10%
80 SL Benfica Portugal Joao Mario
10%
82 Borussia Monchengladbach Germany Lars Stindl
10%
80 Trabzonspor Slovakia Marek Hamsik
10%
80 Piemonte Calcio Italy Mattia Perin
10%
82 Tottenham Hotspur Italy Pierluigi Gollini
10%
80 PSG Brazil Rafinha
10%
80 Tottenham Hotspur Netherlands Steven Bergwijn
10%
81 AC Milan Italy Alessandro Florenzi
9%
81 Real Sociedad Spain Alex Remiro
9%
81 Aston Villa England Danny Ings
9%
80 AC Milan Algeria Ismael Bennacer
9%
81 Burnley England James Tarkowski
9%
80 Leicester City Northern Ireland Jonny Evans
9%
81 LOSC Lille Portugal Jose Fonte
9%
81 RB Leipzig Slovenia Kevin Kampl
9%
81 Newcastle United Slovakia Martin Dubravka
9%
81 Napoli Italy Matteo Politano
9%
81 RB Leipzig France Nordi Mukiele
9%
81 Olympique Marseille France Steve Mandanda
9%
81 Real Sociedad Belgium Adnan Januzaj
8%
81 OGC Nice Algeria Andy Delort
8%
81 LOSC Lille France Benjamin Andre
8%
82 Dinamo Zagreb Croatia Dominik Livakovic
8%
82 Borussia Monchengladbach Germany Florian Neuhaus
8%
82 Valencia CF Brazil Gabriel Paulista
8%
81 Southampton England James Ward-Prowse
8%
81 Roma FC France Jordan Veretout
8%
81 Levante UD Spain Jose Luis Morales
8%
81 Bologna Austria Marko Arnautovic
8%
82 TSG Hoffenheim Germany Oliver Baumann
8%
81 Sevilla FC Denmark Thomas Delaney
8%
80 West Ham United Italy Angelo Ogbonna
7%
80 Real Betis Spain Borja Iglesias
7%
81 Medipol Basaksehir Bosnia-Herzegovina Edin Visca
7%
80 Tigres UANL France Florian Thauvin
7%
81 Olympique Lyon France Houssem Aouar
7%
81 Latium Brazil Lucas Leiva
7%
81 Union Berlin Germany Max Kruse
7%
80 Everton England Michael Keane
7%
80 Ajax Morocco Noussair Mazraoui
7%
80 Sporting CP Spain Pedro Porro
7%
80 PSV Eindhoven Germany Philipp Max
7%
81 Bergamo Calcio Ukraine Ruslan Malinovskyi
7%
82 Genoa Italy Salvatore Sirigu
7%
81 Ajax Netherlands Steven Berghuis
7%
82 Sevilla FC Spain Suso
7%
81 Levante UD Spain Aitor
6%
81 Sporting CP Spain Antonio Adan
6%
80 River Plate Argentina Enzo Perez
6%
81 Galatasaray Uruguay Fernando Muslera
6%
80 Roma FC Italy Gianluca Mancini
6%
80 Club America Mexico Guillermo Ochoa
6%
81 Valencia CF Netherlands Jasper Cillessen
6%
81 Real Betis Spain Joaquin
6%
80 Fiorentina Spain Jose Callejon
6%
80 RB Leipzig Germany Lukas Klostermann
6%
81 Shakhtar Donetsk Ukraine Marlos
6%
81 SL Benfica Greece Odysseas Vlachodimos
6%
81 Villarreal CF Spain Paco Alcacer
6%
81 SL Benfica Portugal Pizzi
6%
80 Latium Albania Thomas Strakosha
6%
80 Bayer Leverkusen Chile Charles Aranguiz
5%
82 Real Sociedad Spain Cristian Portu
5%
80 Valencia CF Denmark Daniel Wass
5%
80 Napoli Germany Diego Demme
5%
80 PSV Eindhoven Israel Eran Zahavi
5%
80 Bergamo Calcio Netherlands Hans Hateboer
5%
82 Sporting CP Portugal Joao Palhinha
5%
80 LOSC Lille France Jonathan Bamba
5%
81 UD Las Palmas Spain Jonathan Viera
5%
81 Borussia Dortmund Germany Julian Brandt
5%
80 Fiorentina Uruguay Lucas Torreira
5%
80 Real Betis Spain Marc Bartra
5%
81 Fatih Karagumruk Morocco Medhi Benatia
5%
80 West Ham United Croatia Nikola Vlasic
5%
81 FC Porto Brazil Otavio
5%
81 Sporting CP Portugal Pedro Goncalves
5%
80 Spartak Moscow Netherlands Quincy Promes
5%
80 Royal Antwerp Belgium Radja Nainggolan
5%
80 Bergamo Calcio Switzerland Remo Freuler
5%
80 Atletico Madrid Croatia Sime Vrsaljko
5%
80 Crystal Palace Spain Vicente Guaita
5%
81 Athletic Bilbao Spain Yeray
5%
80 Athletic Bilbao Spain Ander Capa
4%
80 Beijing Guoan DR Congo Cedric Bakambu
4%
81 Granada CF Venezuela Darwin Machis
4%
81 Getafe CF Spain David Soria
4%
80 SL Benfica Brazil Everton
4%
80 Villarreal CF France Francis Coquelin
4%
80 Stade Rennes France Gaetan Laborde
4%
80 Olympique Lyon Belgium Jason Denayer
4%
80 Sevilla FC Spain Joan Jordan
4%
82 Levante UD Spain Jose Campana
4%
81 Bergamo Calcio Argentina Juan Musso
4%
81 Latium Italy Manuel Lazzari
4%
80 FC Porto Portugal Sergio Oliveira
4%
80 Borussia Monchengladbach Austria Stefan Lainer
4%
81 Olympiacos Czech Republic Tomas Vaclik
4%
80 OGC Nice Argentina Walter Benitez
4%
82 Athletic Bilbao Spain Yuri Berchiche
4%
81 FC Porto Argentina Agustin Marchesin
3%
80 Villarreal CF Algeria Aissa Mandi
3%
81 Cagliari Italy Alessio Cragno
3%
81 Sassuolo Italy Andrea Consigli
3%
80 Olympique Marseille France Boubacar Kamara
3%
80 River Plate Argentina Franco Armani
3%
80 Olympique Marseille Brazil Gerson
3%
80 CSKA Moscow Russia Igor Akinfeev
3%
80 Shakhtar Donetsk Brazil Ismaily
3%
80 Werder Bremen Czech Republic Jiri Pavlenka
3%
80 Eintracht Frankfurt Austria Martin Hinteregger
3%
80 Real Sociedad Spain Nacho Monreal
3%
80 Bergamo Calcio Italy Rafael Toloi
3%
80 VFL Wolfsburg Germany Ridle Baku
3%
80 Udinese Argentina Roberto Pereyra
3%
80 Club Brugge Belgium Simon Mignolet
3%
80 VFL Wolfsburg Austria Xaver Schlager
3%
80 Toronto FC Spain Alejandro Pozuelo
2%
80 Boca Juniors Argentina Eduardo Salvio
2%
80 Monterrey Argentina Esteban Andrada
2%
80 D. Alaves Spain Fernando Pacheco
2%
80 Wolves Spain Jonny
2%
80 Sevilla FC Serbia Marko Dmitrovic
2%
80 Seattle Sounders Uruguay Nicolas Lodeiro
2%
80 Levante UD Spain Roger
2%
80 Inter Milan Italy Stefano Sensi
2%
80 Montpellier HSC France Teji Savanier
2%
80 Dynamo Kyiv Ukraine Viktor Tsygankov
2%
80 Athletic Bilbao Spain Alex Berenguer
1%
80 Olympique Marseille France Dimitri Payet
1%
80 Olympiacos Greece Kostas Fortounis
1%
80 West Ham United Czech Republic Vladimir Coufal
1%
80 Sporting CP Morocco Zouhair Feddal
1%
80 RCD Espanyol Spain Embarba
0%
No matching quizzes found
Score Distribution
Percent of People with Each Score
Percentile by Number Answered
Your Score History
You have not taken this quiz